| 000 | 00470nam a2200181Ia 4500 | ||
|---|---|---|---|
| 003 | GCL | ||
| 008 | 140319s9999 xx 000 0 eng d | ||
| 040 |
_aGCL / _cGCL |
||
| 082 | 0 | 4 |
_a833.912 _bM H |
| 100 | 1 | _aBERMAN, RUSSELL | |
| 245 | 1 | 0 |
_aTHE HOLY SINNER / _cBERMAN, RUSSELL |
| 700 | 1 | _aMANN, THOMAS E. | |
| 260 |
_a[S.N] : _bUNIVERSITY OF CALIFORNIA PRESS ، _c1992 |
||
| 300 | _a336P | ||
| 650 | 0 | 4 | _aLITERATURE |
| 650 | 0 | 4 | _aGERMAN LITERATURE |
| 942 |
_2ddc _cBK |
||
| 999 |
_c12094 _d12094 |
||